000 00340cam a22001097a 4500
008 180718b1977 xxu||||| |||| 00| 0 eng d
082 _aA75 M264DA
245 _aMadhya Pradesh district gazetteers: Datia
_cedited by P.N. Shrivastava
260 _aBhopal
_bDistrict Gazetteers Department
_c1977
300 _a367+p.
700 _aShrivastava, P.N.
999 _c487059
_d487059